Los pingüinos de papá (Registro nro. 240220)
[ vista simple ]
| 000 -ENCABEZADO | |
|---|---|
| Número de control [NR] | 01734 a2200301 4500 |
| 005 - FECHA Y HORA DE LA ÚLTIMA TRANSACCIÓN | |
| control field | 20140904100225.0 |
| 008 - DE LONGITUD FIJA DE DATOS DE ELEMENTOS - INFORMACIÓN GENERAL | |
| Elementos de longitud fija [NR] | 140318s2011 mx g 0 m mul d |
| 040 ## - FUENTE DE CATALOGACION [NR] | |
| Agencia de catalogación original [NR] | CO-BoUCM |
| Idioma de catalogación [NR] | spa |
| Quien Cataloga | Jose A. Gerena (modificó) |
| Quien Clasifica | Aldemar Mondragón |
| 041 ## - CODIGO DE IDIOMA [R] | |
| Código de idioma para texto/pista de sonido o título separado [R] | Inglés |
| 041 ## - CODIGO DE IDIOMA [R] | |
| Código de idioma para texto/pista de sonido o título separado [R] | Español |
| 092 ## - SIGNATURA TOPOGRAFICA LOCAL | |
| Número de clasificación local | DVD 1350 |
| 245 04 - MENCION DE TITULO [NR] | |
| Título [NR] | Los pingüinos de papá |
| Mención de responsabilidad, etc. [NR] | Mark Waters, director |
| Medio físico [NR] | [DVD] |
| 260 ## - PUBLICACION, DISTRIBUCION, ETC. (PIE DE IMPRENTA) [R] | |
| Lugar de publicación, distribución, etc. [R] | México D.F. (México) |
| Nombre del editor, distribuidor, etc. [R] | Twentieth Century Fox |
| Fecha de publicación, distribución, etc. [R] | 2011 |
| 300 ## - DESCRIPCION FISICA [R] | |
| Extensión [R] | 1 DVD, 94 minutos |
| Otros detalles físicos [NR] | imagen, sonido, color |
| 500 ## - NOTA GENERAL [R] | |
| Nota general [NR] | SINOPSIS: La vida de un hombre de negocios comienza a cambiar después de que él hereda seis pingüinos, y como se transforma su apartamento en un paraíso invernal, su lado profesional empieza a desentrañarse |
| 508 ## - NOTA DE CREDITOS DE CREACION/PRODUCCION [R] | |
| Nota de créditos de creación/producción [NR] | CRÉDITOS: Dirigida por Mark Waters ; guion por Sean Anders, John Morris y Jared Stern ; música por Rolfe Kent ; fotografía por Florian Ballhaus ; diseño de producción por Stuart Wurtzel ; dirección de arte por Patricia Woodbridge ; ambientación por Ellen Christiansen ; vestuario por Ann Roth |
| 511 0# - NOTA DE PARTICIPANTE O INTERPRETE [R] | |
| Nota de participante o intérprete [NR] | REPARTO: Jim Carrey, Carla Gugino, Angela Lansbury, Ophelia Lovibond, Madeline Carroll, Clark Gregg, Jeffrey Tambor, David Krumholtz, Philip Baker Hall, Maxwell Perry Cotton |
| 520 ## - NOTA DE RESUMEN, ETC. [R] | |
| Nota de sumario, etc. [NR] | Basada en la novela de Richard Atwater y Florence Atwater |
| 546 ## - NOTA DE IDIOMA [R] | |
| Nota de idioma [NR] | Audio en inglés, portugués y español. Subtítulos inglés, portugués y español |
| 650 #7 - ASIENTO SECUNDARIO DE MATERIA - TERMINO TEMATICO [R] | |
| 9 (RLIN) | 21502 |
| Término temático o nombre geográfico como elemento de entrada [NR] | Pingüinos |
| Subdivisión de forma [R] | DVD |
| 650 #7 - ASIENTO SECUNDARIO DE MATERIA - TERMINO TEMATICO [R] | |
| 9 (RLIN) | 36906 |
| Término temático o nombre geográfico como elemento de entrada [NR] | Animales en el cine |
| Subdivisión de forma [R] | DVD |
| 690 ## - ASUNTO AGREGADO LOCAL DE ENTRADA - TÉRMINO TEMÁTICO (OCLC, RLIN) | |
| 9 (RLIN) | 42805 |
| Acceso temático local | Entretenimiento |
| 700 1# - ASIENTO SECUNDARIO - NOMBRE PERSONAL [R] | |
| Nombre personal [NR] | Waters, Mark |
| Término de relación [R] | director |
| 9 (RLIN) | 58441 |
| 710 2# - ASIENTO SECUNDARIO - NOMBRE CORPORATIVO [R] | |
| Nombre corporativo o de jurisdicción como elemento de entrada [NR] | Twentieth Century Fox |
| 9 (RLIN) | 51777 |
| 710 2# - ASIENTO SECUNDARIO - NOMBRE CORPORATIVO [R] | |
| Nombre corporativo o de jurisdicción como elemento de entrada [NR] | Davis Entertainment Company |
| 9 (RLIN) | 58442 |
| 765 0# - ASIENTO DE IDIOMA ORIGINAL [R] | |
| Título [NR] | Mr. Popper's Penguins |
| 942 ## - ELEMENTOS DE ENTRADA AGREGADOS (KOHA) | |
| Source of classification or shelving scheme | LOCAL |
| Tema principal | Entretenimiento |
| Koha item type | Multimedia |
| Edition | 1 |
| Suprimido | Perdido | Sistema de clasificación | Dañado | No prestable | Tipo de ítem específico | Ubicación habitual | Ubicación actual | Localización | Fecha de creación | Proveedor | Forma de adquisición | Costo | Signatura topográfica | Código de barras | Última vez visto | Ejemplar | Costo de reposición | Price effective from | Tipo de ítem | Total préstamos | Total Renewals | Fecha de último préstamo |
|---|---|---|---|---|---|---|---|---|---|---|---|---|---|---|---|---|---|---|---|---|---|---|
| LOCAL | DVD | Claustro | Claustro | Colección digital | 18/03/2014 | Donación | 26000.00 | DVD 1350 | 100141225 | 10/12/2024 | Ej.2 | 18/03/2014 | Multimedia | 7 | 9 | 18/11/2016 | ||||||
| LOCAL | Préstamo restringido | DVD | Procesos Técnicos (no para préstamo) | Procesos Técnicos (no para préstamo) | Procesos Técnicos | 18/02/2014 | 12 | Donación | 26000.00 | DVD 1350 | 100141220 | 09/12/2025 | Ej.1 | 26000.00 | 18/02/2014 | Multimedia |